| 000 | 00467cam a2200193ua 4500 | ||
|---|---|---|---|
| 001 | 700 | ||
| 005 | 20260515113218.0 | ||
| 008 | 110412n ii |||gr||||Z||||||eng | ||
| 040 | _cMAIN | ||
| 082 | _a320.3 | ||
| 245 | 1 |
_aComparative politics _cby Hans Raj |
|
| 250 | _a1st. | ||
| 260 |
_aDelhi: _bSurjeet publication. |
||
| 300 |
_axi, 388p.: _c20cm. |
||
| 653 | _apolitical science | ||
| 653 | _aComparative politics | ||
| 700 |
_aRaj, Hans., _eAuthor. |
||
| 942 | _cBK | ||
| 999 |
_c627 _d627 |
||